[Event "IBCA Wch blind 11th"]
[Site "Goa"]
[Date "2006.10.18"]
[Round "9"]
[White "Konev, Viktor Dmitrievich"]
[Black "Guzynin, Vasiliy"]
[Result "0-1"]
[WhiteElo "2119"]
[BlackElo "2302"]
[PlyCount "70"]
[EventDate "2006.10.09"]
[EventType "swiss"]
[EventRounds "9"]
[EventCountry "IND"]
[SourceTitle "CBM 114 Extra"]
[Source "ChessBase"]
[SourceDate "2006.11.03"]
[SourceVersion "1"]
[SourceVersionDate "2006.11.03"]
[SourceQuality "1"]

1. e4 d5 2. exd5 Qxd5 3. Nc3 Qa5 4. Nf3 Nf6 5. Rb1 c6 6. b4 Qc7 7. Bc4 Bg4 8. d3 e6 9. Qe2 b5 10. Bb3 Bxb4 11. Bd2 Bxf3 12. Qxf3 Qe5+ 13. Ne2 Bxd2+ 14. Kxd2 0-0 15. Rbe1 Nd5 16. g3 Nd7 17. Nf4 Qc3+ 18. Kd1 a5 19. Ne2 Qc5 20. d4 Qd6 21. c3 Rac8 22. Kd2 c5 23. Rd1 cxd4 24. Ke1 Ne5 25. Qe4 f5 26. Qb1 d3 27. Nf4 Nxf4 28. gxf4 Qc6 29. Bxe6+ Qxe6 30. fxe5 Qxe5+ 31. Kf1 Qe2+ 32. Kg2 Qg4+ 33. Kf1 Qh3+ 34. Kg1 Rxc3 35. Qxb5 Qg4+ 0-1

[Event "IBCA Wch blind 11th"]
[Site "Goa"]
[Date "2006.10.12"]
[Round "4"]
[White "Mlacnik, Franc"]
[Black "Guzynin, Vasiliy"]
[Result "0-1"]
[WhiteElo "2128"]
[BlackElo "2302"]
[PlyCount "56"]
[EventDate "2006.10.09"]
[EventType "swiss"]
[EventRounds "9"]
[EventCountry "IND"]
[SourceTitle "CBM 114 Extra"]
[Source "ChessBase"]
[SourceDate "2006.11.03"]
[SourceVersion "1"]
[SourceVersionDate "2006.11.03"]
[SourceQuality "1"]

1. e4 c5 2. Nc3 e6 3. f4 a6 4. Nf3 b5 5. d3 Bb7 6. a4 b4 7. Ne2 d6 8. Ng3 h5 9. Be2 Ne7 10. 0-0 h4 11. Nh1 g6 12. Ng5 Bg7 13. Nf2 Nbc6 14. Bg4 Qd7 15. Nfh3 Nd8 16. Qe2 f6 17. f5 gxf5 18. exf5 e5 19. Bh5+ Kf8 20. Qg4 Qc6 21. Ne6+ Nxe6 22. fxe6 Rxh5 23. Bg5 Ng8 24. Rf2 Rh7 25. Bxf6 Bxf6 26. Qg6 Rg7 27. Rxf6+ Nxf6 28. e7+ Kg8 0-1

[Event "IBCA Wch blind 11th"]
[Site "Goa"]
[Date "2006.10.09"]
[Round "1"]
[White "Guzynin, Vasiliy"]
[Black "Tonteri, Ari"]
[Result "0-1"]
[WhiteElo "2302"]
[BlackElo "1975"]
[PlyCount "70"]
[EventDate "2006.10.09"]
[EventType "swiss"]
[EventRounds "9"]
[EventCountry "IND"]
[SourceTitle "CBM 114 Extra"]
[Source "ChessBase"]
[SourceDate "2006.11.03"]
[SourceVersion "1"]
[SourceVersionDate "2006.11.03"]
[SourceQuality "1"]

1. d4 Nf6 2. Nf3 g6 3. c4 Bg7 4. Nc3 0-0 5. e4 d6 6. Be2 e5 7. Be3 Nc6 8. d5 Ne7 9. Nd2 Nd7 10. 0-0 f5 11. f3 f4 12. Bf2 g5 13. b4 Ng6 14. c5 Nf6 15. cxd6 cxd6 16. Nc4 Rf7 17. Nb5 Bf8 18. Nxa7 g4 19. Nxc8 Rxc8 20. a4 Rg7 21. Kh1 g3 22. Bb6 Qe8 23. h3 Nh4 24. Qd3 Qh5 25. Rfc1 h6 26. Bf1 Nh7 27. Nd2 Rxc1 28. Rxc1 Ng5 29. Rc7 Rg6 30. Bg1 Nxh3 31. gxh3 g2+ 32. Bxg2 Nxg2 33. Bh2 Ne3 34. Qe2 Qxh3 35. Rc1 Rg2 0-1